Социально-ориентированное местное управление: Опыт городов Германии для России

Bibliografische gegevens
Andere auteurs: Гринчель Б. М. (редактор), Костылева Н. Е.
Taal:Russisch
Gepubliceerd in: СПб., Наука, 1999
Onderwerpen:
Formaat: MixedMaterials Boek
KOHA link:https://koha.lib.tpu.ru/cgi-bin/koha/opac-detail.pl?biblionumber=13551

MARC

LEADER 00000nam0a2200000 4500
001 13551
005 20231101204909.0
010 |a 5020294335 
035 |a (RuTPU)RU\TPU\book\13633 
035 |a BOOK00013702 
090 |a 13551 
100 |a 20011209d1999 m y0rusy50 ca 
101 0 |a rus 
102 |a RU 
105 |a y z 000zy 
200 1 |a Социально-ориентированное местное управление  |e Опыт городов Германии для России  |f Под ред. Б. М. Гринчеля, Н. Е. Костылевой 
210 |a СПб.  |c Наука  |d 1999 
215 |a 388 с. 
606 1 |a Города  |x Социология  |2 stltpush  |3 (RuTPU)RU\TPU\subj\8283  |9 35738 
610 1 |a социология 
610 1 |a города 
610 1 |a Россия 
610 1 |a Германия 
610 1 |a управление 
610 1 |a местное управление 
686 |a С55.661  |v LBC/SL-A  |2 rubbk 
686 |a С59(4Г)  |v LBC/SL-A  |2 rubbk 
702 1 |a Гринчель  |b Б. М.  |4 340 
702 1 |a Костылева  |b Н. Е.  |4 340 
801 0 |a RU  |b 63413507  |c 20011209  |g PSBO 
801 2 |a RU  |b 63413507  |c 20140616  |g PSBO 
942 |c BK